Dì Bette Tiểu thuyết Tập 1

Shranjeno v:
Bibliografske podrobnosti
Glavni avtor: Balzac, Honore De
Drugi avtorji: Nguyễn Văn Trấn (Dịch)
Format: Knjiga
Jezik:Vietnamese
Izdano: Cà Mau Nxb. Mũi Cà Mau 1987
Teme:
Oznake: Označite
Brez oznak, prvi označite!
Thư viện lưu trữ: Mạng thư viện Đại học Đà Nẵng
LEADER 00917nam a22003498a 4500
001 000014467
003 10832
005 20120503080558.0
008 120503s1987 b 000 0 vieod
020 |c 270đ  |d 60.000b 
041 0 |a vie 
041 0 |a dịch Pháp 
082 |a 843  |b BA-H 
084 |a KC14.1  |b D300B 
100 1 |a Balzac, Honore De 
245 1 0 |a Dì Bette  |b Tiểu thuyết  |c Honore De Balzac; Nguyễn Văn Trân dịch  |n Tập 1 
260 |a Cà Mau  |b Nxb. Mũi Cà Mau  |c 1987 
300 |a 275tr  |c 19cm 
505 |a Tập 1 
653 |a Văn học trung đại 
653 |a Pháp 
653 |a tiểu thuyết 
700 1 |a Nguyễn Văn Trấn  |e Dịch 
910 |a Minh 
OWN |a LSP 
999 |a From the UDN01 
TYP |a Monograph 
TYP |a Printed language 
980 |a Mạng thư viện Đại học Đà Nẵng